000 01201nam a22002177a 4500
005 20090409113643.0
010 _aHIN-91106
020 _a9788128826177
_c100.00
035 _aHN-63452
037 _bDBAD / PUB
100 _aजोगी, सुनील
_932975
245 _aहनुमानजी का कुशल प्रबंधन /
_cसुनील जोगी
246 _aHanumanji ka Prabandhan Kaushal
_bby Sunil Jogi
260 _aनई दिल्ली
_bडायमंड पॉकेट बुक्स
_c2010
270 _a-30, ओखला इंडस्ट्रियल एरिया, फेज-2
_bनई दिल्ली
_k011- 41611861
_e110020
_l011- 41611866
_msales@dpb.in
300 _a175पृ
_c22सेमी (अजिल्द)
700 _924404
942 _adpl
_cHN
_2ddc
_mजोगीसु
999 _c48859
_d48859